Optimización del funcionamiento de la red vial de San Ramón

Uloženo v:
Podrobná bibliografie
Hlavní autor: Rodríguez Torres, Juan Carlos
Médium: Kniha
Vydáno: San José, C.R 1999
Témata:
Tagy: Přidat tag
Žádné tagy, Buďte první, kdo vytvoří štítek k tomuto záznamu!

MARC

LEADER 00000nam a2200000Ia 4500
003 008764
005 20221231144213.0
008 140114s1999 cr a m 000 ||s d
040 |c cru CEDI 
090 |a TFG 4048 
100 |a Rodríguez Torres, Juan Carlos  |9 8451 
245 |a Optimización del funcionamiento de la red vial de San Ramón 
260 |c 1999  |a  San José, C.R 
300 |a  106 hojas : ilustraciones  
500 |a  Proyecto de graduación (licenciatura en ingeniería civil)--Universidad de Costa Rica. Facultad de Ingeniería. Escuela de Ingeniería Civil 
650 |x CARRETERAS   |x  CUIDADO Y REPARACION   |x  SAN RAMON (ALAJUELA, COSTA RICA)   |x TRAFICO DE CARRETERAS  |9 8452 
942 |c TFG 
999 |c 18397  |d 18397